000 00210 a2200097 4500
001 7127
100 _aKhalid, M
245 _aWelfare state : A case study
260 _a
_bRoyal Book Co
_c
090 _c5896
_d5896
942 _aNUST-CAE
_cM
_c32373
999 _c242200
_d242200